LIBRARY & INFORMATION CENTRE, KCAET, TAVANUR

ONLINE PUBLIC ACCESS CATALOGUE (OPAC)

Normal view MARC view
  • BALAGA SUPRAJA

Entry Personal Name

Number of records used in: 1

001 - CONTROL NUMBER

  • control field: 5492

003 - CONTROL NUMBER IDENTIFIER

  • control field: OSt

005 - DATE AND TIME OF LATEST TRANSACTION

  • control field: 20230624124621.0

008 - FIXED-LENGTH DATA ELEMENTS

  • fixed length control field: 230624|| aca||aabn | a|a d

040 ## - CATALOGING SOURCE

  • Original cataloging agency: OSt
  • Transcribing agency: OSt

100 ## - HEADING--PERSONAL NAME

  • Personal name: BALAGA SUPRAJA
  • Personal name: NIDA FATHIMA
  • Personal name: PARVATHY C V
  • Personal name: SHAFNA PP
  • Personal name: SOORYA K

670 ## - SOURCE DATA FOUND

  • Source citation: Work cat.: (OSt)17716: BALAGA SUPRAJA NIDA FATHIMA PARVATHY C V SHAFNA PP SOORYA K , SPATIAL MAPPING OF WATER SUPPLY & DISTRIBUTION NETWORK OF KCAET CAMPUS USING TOTAL STATION SURVEY & GIS , 2023
free website counter